000
00363nam a2200133Ia 4500
008
231129s9999||||xx |||||||||||||| ||spa||
020
_a
84-375-0202-0
040
_b
spa
082
_a
200.1 / H462c
100
_a
Hegel G.W.F.
245
0
_a
El concepto de religion
264
_a
Fondo de Cultura Economica
942
_2
ddc
_c
BKS
999
_c
10636
_d
10636